[Event "ICS rated blitz match"]
[Site "204.178.125.65"]
[Date "2000.09.23"]
[Round "?"]
[White "Hossa"]
[Black "Tinker"]
[Result "1-0"]
[WhiteElo "2598"]
[BlackElo "2407"]
[PlyCount "75"]
[EventDate "2000.??.??"]

1. e4 e5 2. Nf3 Nf6 3. Nxe5 d6 4. Nf3 Nxe4 5. d4 Bg4 6. Bd3 d5 7. O-O c6 8. Re1
f5 9. c3 Nd7 10. Qb3 Be7 11. Qxb7 Rc8 12. Bf4 O-O 13. Ba6 Nb6 14. Qxa7 Ra8 15.
Qb7 Bd6 16. Ne5 Bxe5 17. Bxe5 Rf7 18. Qxc6 Rxa6 19. f3 Bh5 20. fxe4 fxe4 21. c4
Rfa7 22. cxd5 Nxd5 23. Qc4 Ra4 24. Qb3 Rb4 25. Qc2 Rab7 26. b3 e3 27. Nc3 Nxc3
28. Qxc3 e2 29. Qh3 g6 30. Rac1 Qd7 31. Qxd7 Rxd7 32. h3 g5 33. g4 Bg6 34. Rxe2
Ra7 35. Rf2 Re7 36. Bd6 Rbb7 37. Bxe7 Rxe7 38. Rcf1 {Tinker resigns} 1-0

[Event "ICS rated blitz match"]
[Site "204.178.125.65"]
[Date "2000.09.23"]
[Round "?"]
[White "Tinker"]
[Black "Hossa"]
[Result "1/2-1/2"]
[WhiteElo "2399"]
[BlackElo "2606"]
[PlyCount "170"]
[EventDate "2000.??.??"]

1. d4 d5 2. Nc3 Nf6 3. Bg5 Nbd7 4. e3 e6 5. a3 Be7 6. Nf3 c5 7. Qd2 O-O 8.
O-O-O a6 9. Be2 b5 10. dxc5 Nxc5 11. Bxf6 Bxf6 12. Nd4 Bb7 13. Bf3 Qb6 14. Kb1
Rac8 15. h4 Ba8 16. h5 Bg5 17. Be2 Qc7 18. f4 Be7 19. h6 g6 20. Nf3 Bf6 21. g4
Rfd8 22. g5 Ne4 23. Nxe4 dxe4 24. Nd4 Bxd4 25. exd4 e3 26. Qxe3 Bxh1 27. Rxh1
Qxc2+ 28. Ka1 Qc6 29. Rd1 Qd6 30. Qe5 Qxe5 31. fxe5 Rc7 32. Ka2 Rcd7 33. Bf3
Rxd4 34. Rc1 Rc4 35. Rxc4 bxc4 36. Kb1 Rd3 37. Be2 Rg3 38. Bxc4 a5 39. Kc2 Rxg5
40. b4 axb4 41. axb4 Rxe5 42. b5 Re4 43. Kc3 Re1 44. b6 Rd1 45. Bd3 Rh1 46. b7
Rxh6 47. b8=Q+ Kg7 48. Qe5+ Kg8 49. Qg3 Rh5 50. Be2 Rc5+ 51. Kb4 Rc8 52. Bf3 h6
53. Qd6 h5 54. Bb7 Re8 55. Kc5 Rf8 56. Qe7 Kg7 57. Kb5 Rb8 58. Qc7 Rf8 59. Kc6
Kg8 60. Qe7 Kg7 61. Kc7 Rg8 62. Bc8 Kh6 63. Qf6 Kh7 64. Bb7 Kh6 65. Kd6 Rg7 66.
Ke7 e5 67. Kf8 Rh7 68. Qxe5 Rh8+ 69. Qxh8+ Kg5 70. Kxf7 Kg4 71. Bf3+ Kh3 72.
Kxg6 h4 73. Kg5 Kg3 74. Qxh4+ Kxf3 75. Kf5 Ke3 76. Kg4 Kd4 77. Kf3+ Kd5 78. Ke2
Ke5 79. Kd1 Ke6 80. Kc1 Kf7 81. Kb1 Kg7 82. Ka1 Kf7 83. Kb1 Kg7 84. Ka1 Kf7 85.
Kb1 Kg7 {Game drawn by repetition} 1/2-1/2

[Event "ICS rated standard match"]
[Site "204.178.125.65"]
[Date "2000.09.23"]
[Round "?"]
[White "Valg"]
[Black "Hossa"]
[Result "0-1"]
[WhiteElo "2338"]
[BlackElo "2358"]
[PlyCount "163"]
[EventDate "2000.??.??"]

1. d4 e6 2. c4 Nf6 3. Nc3 Bb4 4. e3 b6 5. Bd3 c5 6. Nf3 O-O 7. O-O Bb7 8. Na4
d6 9. dxc5 bxc5 10. a3 Ba5 11. Rb1 Na6 12. Qc2 Bxf3 13. gxf3 Qc7 14. Rd1 Qb7
15. e4 Qe7 16. Nc3 Nd7 17. Bf4 Ne5 18. Be2 Qf6 19. Bg3 Nxf3+ 20. Bxf3 Qxf3 21.
Nb5 Nc7 22. Nxd6 Rab8 23. b4 cxb4 24. Rd3 Qg4 25. Qa4 Bb6 26. axb4 Ne8 27. Qd1
Qg6 28. e5 f5 29. c5 f4 30. cxb6 axb6 31. Ra1 Nxd6 32. exd6 fxg3 33. Rxg3 Qf6
34. Rg2 Rb7 35. Rc1 Qf4 36. b5 Ra7 37. Qe1 Qxd6 38. Rc6 Qd5 39. Rxb6 Rfa8 40.
Ra6 Rxa6 41. bxa6 Rxa6 42. h3 Ra8 43. Qe3 Qd1+ 44. Kh2 Qd6+ 45. Qg3 Qxg3+ 46.
Kxg3 Kf7 47. f3 Kf6 48. Rc2 g5 49. Rc6 h5 50. Rc2 Kf5 51. Kf2 e5 52. Kg3 Rd8
53. Rb2 Rd3 54. Rb8 e4 55. Rf8+ Kg6 56. Kf2 Rxf3+ 57. Rxf3 exf3 58. Kxf3 Kf5
59. Ke3 Ke5 60. Kf3 Kd4 61. Ke2 Ke4 62. Kf2 Kf4 63. Kg2 Ke3 64. h4 g4 65. Kg3
Ke4 66. Kf2 Kd3 67. Kg2 Ke2 68. Kg3 Kf1 69. Kh2 Kf2 70. Kh1 Kg3 71. Kg1 Kxh4
72. Kg2 Kg5 73. Kg3 h4+ 74. Kh2 Kf4 75. Kg2 h3+ 76. Kh2 Kf3 77. Kg1 g3 78. Kf1
g2+ 79. Kg1 h2+ 80. Kxh2 Kf2 81. Kh3 g1=Q 82. Kh4 {Valg resigns} 0-1

[Event "ICS rated blitz match"]
[Site "204.178.125.65"]
[Date "2000.09.23"]
[Round "?"]
[White "Hossa"]
[Black "PostModernist"]
[Result "0-1"]
[WhiteElo "2597"]
[BlackElo "2592"]
[PlyCount "146"]
[EventDate "2000.??.??"]

1. e4 e5 2. Nf3 Nf6 3. Nxe5 d6 4. Nf3 Nxe4 5. d4 Bg4 6. Bd3 d5 7. O-O Nc6 8.
Re1 Be7 9. c3 f5 10. Qb3 O-O 11. Qxb7 Rf6 12. Bf4 Rb8 13. Qxc7 Qxc7 14. Bxc7
Rxb2 15. Re2 Rb7 16. Bf4 Rg6 17. Kh1 Bd6 18. Be3 Bh5 19. Bc1 Rb8 20. Rc2 Re6
21. Na3 a6 22. Rb1 Ra8 23. Nc4 dxc4 24. Bxc4 Bf7 25. Bxe6 Bxe6 26. Rb6 Rc8 27.
Ne1 Bc4 28. f3 Nf6 29. Bg5 Nd5 30. Rb1 Re8 31. Rd1 Bxa2 32. Ra1 Bc4 33. g3 h6
34. Bd2 Re2 35. Ng2 f4 36. gxf4 Bxf4 37. Nxf4 Nxf4 38. Re1 Rf2 39. Re8+ Kh7 40.
Bxf4 Rxc2 41. Re3 a5 42. Kg1 a4 43. Bd6 Ra2 44. f4 Ra1+ 45. Kg2 a3 46. Bxa3
Rxa3 47. Kf3 Na7 48. Ke4 Nb5 49. f5 Nxc3+ 50. Kf3 Rb3 51. Re1 Nb5+ 52. Ke4 Rd3
53. Rg1 Rxd4+ 54. Ke5 Rd5+ 55. Kf4 Nd4 56. Rg2 Rxf5+ 57. Ke3 Nf3 58. Rf2 Bd5
59. h3 Rh5 60. Rxf3 Bxf3 61. Kd4 Kg6 62. Kc4 Kf5 63. Kd4 Kf4 64. Kd3 Rxh3 65.
Kd4 g5 66. Kc5 g4 67. Kd4 g3 68. Kc5 g2 69. Kd6 g1=Q 70. Ke7 Qa7+ 71. Ke6 Bg4+
72. Kd5 Rc3 73. Kd6 Qc5# {Hossa checkmated} 0-1

[Event "ICS rated blitz match"]
[Site "204.178.125.65"]
[Date "2000.09.23"]
[Round "?"]
[White "PostModernist"]
[Black "Hossa"]
[Result "1-0"]
[WhiteElo "2618"]
[BlackElo "2581"]
[PlyCount "131"]
[EventDate "2000.??.??"]

1. d4 e6 2. e4 d5 3. Nc3 dxe4 4. Nxe4 Qd5 5. Bd3 f5 6. Ng3 c5 7. Nf3 cxd4 8.
Nxd4 Qxg2 9. Qe2 Qd5 10. Ndxf5 Nc6 11. Be4 Qc5 12. Be3 Qe5 13. Bxc6+ bxc6 14.
Nd4 c5 15. f4 Qf6 16. Nb3 Qxb2 17. Ne4 g6 18. O-O Nh6 19. Nexc5 Nf5 20. Qg2 Rb8
21. Qc6+ Kf7 22. Nd3 Qf6 23. Bxa7 Rb7 24. Bd4 Nxd4 25. Qxc8 Rxb3 26. Ne5+ Kg7
27. axb3 Be7 28. Qc7 Ne2+ 29. Kg2 Nd4 30. Ng4 Nb5 31. Qd7 Qh4 32. h3 h5 33. Ne5
Rd8 34. Qxe6 Rd2+ 35. Kh1 Qf6 36. Qxf6+ Bxf6 37. c4 Bxe5 38. fxe5 Nd4 39. Ra7+
Kh6 40. Rd7 Rd3 41. Kg2 Rd2+ 42. Rf2 Rxf2+ 43. Kxf2 Nxb3 44. e6 Nc5 45. e7 Ne4+
46. Ke3 Nf6 47. Rd8 Kg7 48. Rf8 Ne8 49. Ke4 g5 50. Rxe8 Kf7 51. Rh8 Kxe7 52.
Rxh5 g4 53. Rh7+ Kd6 54. hxg4 Kc5 55. Rb7 Kc6 56. c5 Kxb7 57. g5 Kc6 58. g6 Kb5
59. g7 Kc6 60. g8=Q Kxc5 61. Qe6 Kb4 62. Qc6 Ka5 63. Qb7 Ka4 64. Kd3 Ka5 65.
Kc3 Ka4 66. Qa6# {Hossa checkmated} 1-0

[Event "ICS rated blitz match"]
[Site "204.178.125.65"]
[Date "2000.09.23"]
[Round "?"]
[White "Hossa"]
[Black "varon1968"]
[Result "1-0"]
[WhiteElo "2567"]
[BlackElo "1969"]
[PlyCount "29"]
[EventDate "2000.??.??"]

1. d4 d5 2. Nf3 Nf6 3. e3 e6 4. Bd3 Be7 5. Nbd2 O-O 6. O-O Nbd7 7. e4 dxe4 8.
Nxe4 Nxe4 9. Bxe4 c5 10. Be3 Nf6 11. Bd3 Nd5 12. Qd2 b6 13. dxc5 Nxe3 14. Qxe3
Bxc5 15. Qe4 {varon1968 resigns} 1-0

[Event "ICS rated blitz match"]
[Site "204.178.125.65"]
[Date "2000.09.23"]
[Round "?"]
[White "varon1968"]
[Black "Hossa"]
[Result "0-1"]
[WhiteElo "1968"]
[BlackElo "2568"]
[PlyCount "98"]
[EventDate "2000.??.??"]

1. e4 c5 2. Nf3 d6 3. d4 cxd4 4. Nxd4 g6 5. Nc3 Bg7 6. Be3 Nf6 7. f3 O-O 8. Qd2
Nc6 9. Bc4 Nxd4 10. Bxd4 Be6 11. Bxe6 fxe6 12. O-O-O e5 13. Be3 Qc7 14. Kb1 a5
15. h4 Qc4 16. Nd5 Nxd5 17. Qxd5+ Qxd5 18. Rxd5 a4 19. h5 gxh5 20. Rxh5 Rf7 21.
Rb5 e6 22. Rg5 Rc7 23. Rg4 Kf8 24. c3 Bf6 25. Bh6+ Kf7 26. Kc2 a3 27. b3 Rac8
28. Bd2 h5 29. Rg3 h4 30. Rh3 Rg8 31. Rh2 Ke8 32. Ra5 Rcg7 33. Ra8+ Kd7 34.
Rxg8 Rxg8 35. Be1 Bg5 36. b4 Bf4 37. Rxh4 Rxg2+ 38. Kb3 Bc1 39. Rh7+ Kc6 40. c4
Rb2+ 41. Ka4 Rxa2 42. b5+ Kc5 43. Rc7+ Kd4 44. Bb4 Rc2 45. Bxa3 Ra2 46. Kb3
Rxa3+ 47. Kc2 Rc3+ 48. Kd1 Ke3 49. b6 Ba3 {varon1968 resigns} 0-1

[Event "ICS rated blitz match"]
[Site "204.178.125.65"]
[Date "2000.09.23"]
[Round "?"]
[White "ALX"]
[Black "Hossa"]
[Result "0-1"]
[WhiteElo "2248"]
[BlackElo "2570"]
[PlyCount "26"]
[EventDate "2000.??.??"]

1. e4 e5 2. Nf3 Nf6 3. Nxe5 Qe7 4. Nf3 Qxe4+ 5. Be2 Nc6 6. Nc3 Qg4 7. O-O Bb4
8. Nb5 Ba5 9. d4 a6 10. Ne5 Qe6 11. Bc4 d5 12. Re1 axb5 13. Bxb5 Bxe1 {
ALX resigns} 0-1

[Event "ICS rated blitz match"]
[Site "204.178.125.65"]
[Date "2000.09.23"]
[Round "?"]
[White "Hossa"]
[Black "ALX"]
[Result "1/2-1/2"]
[WhiteElo "2574"]
[BlackElo "2244"]
[PlyCount "131"]
[EventDate "2000.??.??"]

1. d4 Nf6 2. c4 e6 3. Nc3 Bb4 4. Qc2 O-O 5. a3 Bxc3+ 6. Qxc3 b6 7. Bg5 Bb7 8.
f3 h6 9. Bh4 d6 10. e3 Nbd7 11. Bd3 c5 12. Ne2 Rc8 13. O-O d5 14. b3 cxd4 15.
exd4 dxc4 16. bxc4 Ba6 17. Rfd1 Bxc4 18. Bxc4 b5 19. Rab1 Rxc4 20. Qd2 a6 21.
Rb3 Qc8 22. Nc3 Qc6 23. Be1 Nd5 24. Nxd5 Qxd5 25. Bg3 Nb6 26. Be5 Rfc8 27. Qd3
Rc2 28. Bg3 Qc4 29. Qxc4 R8xc4 30. Be1 Nd5 31. Kf1 Ra2 32. h4 Rcc2 33. g3 Rh2
34. Kg1 Rhg2+ 35. Kf1 Rge2 36. Ra1 Rec2 37. Rd1 h5 38. f4 Nf6 39. f5 Ng4 40.
fxe6 fxe6 41. Kg1 Rg2+ 42. Kh1 Rge2 43. Rc1 Ne3 44. Bf2 Nf5 45. Bg1 Rg2 46.
Rcc3 Rgd2 47. Rd3 Re2 48. d5 exd5 49. Rxd5 Nh6 50. Rxh5 Re1 51. Re3 Rf1 52.
Re8+ Kf7 53. Rb8 Raa1 54. Rb7+ Kg8 55. Kh2 Rxg1 56. Rg5 Rh1+ 57. Kg2 Rag1+ 58.
Kf2 Rf1+ 59. Kg2 Rhg1+ 60. Kh2 Rh1+ 61. Kg2 Rhg1+ 62. Kh2 Rh1+ 63. Kg2 Rhg1+
64. Kh2 Rh1+ 65. Kg2 Rhg1+ 66. Kh2 {Game drawn by repetition} 1/2-1/2

[Event "ICS rated blitz match"]
[Site "204.178.125.65"]
[Date "2000.09.23"]
[Round "?"]
[White "Texan"]
[Black "Hossa"]
[Result "0-1"]
[WhiteElo "1985"]
[BlackElo "2562"]
[Annotator "Fritz 6 (30s)"]
[PlyCount "46"]
[EventDate "2000.??.??"]

1. e4 {C29: Wiener Partie} 1... e5 2. Nc3 Nf6 3. f4 d5 4. fxe5 Nxe4 5. Nf3 Be7
6. d3 Nxc3 7. bxc3 O-O 8. d4 f6 9. exf6 Bxf6 10. Be2 Bh4+ 11. g3 Bf6 12. O-O c5
13. Rb1 Qa5 14. Bf4 Be7 15. Ne5 Qxa2 16. Bd3 c4 17. Bxh7+ $1 {
Beseitigt den Bauernschutz} 17... Kxh7 {Hinlenkung nach h7} 18. Qh5+ Kg8 19.
Bh6 {Motiv: Abzugsangriff} 19... Bf6 (19... gxh6 20. Rxf8+ {
Eliminiert eine wichtige Deckungsfigur: f8}) 20. Rxf6 (20. Bxg7 Kxg7 21. Qg6+
Kh8 22. Rbe1 Qa3 23. Rxf6 Bf5 24. Nf7+ Rxf7 25. Re8+ Qf8 26. Rxf8+ Rxf8 27.
Rxf8#) 20... Qxb1+ 21. Kg2 {()xf8 darf nicht uebersehen werden} 21... Rxf6 22.
Qe8+ Rf8 23. Qg6 {Es droht Qxg7} 23... Qf1# 0-1

[Event "ICS rated blitz match"]
[Site "204.178.125.65"]
[Date "2000.09.23"]
[Round "?"]
[White "Hossa"]
[Black "Texan"]
[Result "1-0"]
[WhiteElo "2563"]
[BlackElo "1984"]
[Annotator "Fritz 6 (30s)"]
[PlyCount "129"]
[EventDate "2000.??.??"]

1. e4 {B01: Skandinavische Verteidigung} 1... d5 2. exd5 Qxd5 3. Nc3 Qd8 4. d4
Nf6 5. Nf3 Bf5 6. Be2 e6 7. Nh4 Bg6 8. Nxg6 hxg6 9. Bf3 c6 10. Bg5 Be7 11. Qd2
O-O 12. Bf4 Nbd7 13. O-O-O Nd5 14. Nxd5 cxd5 15. h4 Nb6 16. Be2 Rc8 17. h5 g5
18. Bg3 Nc4 19. Bxc4 Rxc4 20. h6 g6 21. h7+ Kh8 (21... Kg7 22. Rh3 $14) 22. Kb1
Bf6 23. c3 b5 24. b3 Rc6 25. Qd3 Qa5 26. Rc1 Rfc8 27. Qf3 Qd8 28. Be5 Bxe5 29.
dxe5 Qe7 30. Qd3 a6 (30... Qc7 31. Rce1 $15) 31. Rc2 b4 32. c4 dxc4 33. bxc4
Rd8 34. Qe4 Rc5 35. Rb2 a5 36. Rc2 Qc7 37. Qf3 Qe7 38. Qe3 Rdc8 39. Qb3 Rd8 (
39... Rxe5 40. Qb2 f6 41. Qb3 $17) 40. Rcc1 Rd4 41. Qf3 Rd8 (41... Rxe5 42. c5
$15) 42. Qe3 Rdc8 43. Qb3 Rd8 (43... Rxe5 44. Qb2 f6 45. Qc2 $17) 44. Qh3 Rd4 (
44... Rxe5 45. Qb3 $17) 45. Qh6 Rd8 (45... Qd8 $142 $5 $17) 46. f4 gxf4 47.
Qxf4 Rdc8 48. Rhf1 R8c7 (48... Kxh7 $4 {vergiftet...} 49. Rh1+ Kg7 50. Qh6+ Kg8
51. Qh8#) 49. g4 R5c6 (49... Kxh7 $4 {Schwarz schlaegt einen vergifteten Bauern
} 50. Rh1+ Kg8 51. Qh6 Qh4 52. Rxh4 f5 53. Qh8+ Kf7 54. Rh7#) 50. Kb2 Rc5 (
50... Kxh7 $4 {das Schlagen des Bauern ist schlecht} 51. Qh2+ Kg8 52. Rh1 Qh4
53. Qxh4 f5 54. Qh8+ Kf7 55. Rh7#) 51. Rh1 a4 52. Rh2 R5c6 53. Qh6 Rc8 54. Rhc2
Qf8 (54... Rc5 55. Qf4 $17) 55. Qf4 Qe7 (55... Kxh7 $4 {
der kann natuerlich nicht genommen werden} 56. Rh2+ Kg8 57. Qf6 Qg7 58. Rch1
a3+ 59. Kb3 Kf8 60. Rh8+ Qg8 61. Rxg8+ Kxg8 62. Rh8#) 56. Rf2 R8c7 (56... g5
57. Qf3 $15) 57. g5 Rc5 58. Rh2 R5c6 59. Rh4 Rc5 60. Rh6 R5c6 61. Rh3 Rc5 62.
Rd3 R5c6 63. Rd6 Rc5 64. Rb6 R5c6 65. Rxc6 (65. Rxc6 Rxc6 66. Rh1 $14) 1-0

[Event "ICS rated blitz match"]
[Site "204.178.125.65"]
[Date "2000.09.23"]
[Round "?"]
[White "PostModernist"]
[Black "Hossa"]
[Result "1-0"]
[WhiteElo "2676"]
[BlackElo "2568"]
[PlyCount "175"]
[EventDate "2000.??.??"]

1. e4 e5 2. Bc4 Nf6 3. d3 Nc6 4. Nf3 Bc5 5. c3 d6 6. h3 O-O 7. O-O Be6 8. Bb5
a6 9. Bxc6 bxc6 10. Qe2 Bb6 11. Be3 Rb8 12. Bxb6 cxb6 13. Nbd2 Qe7 14. Rfe1 Qb7
15. d4 exd4 16. Nxd4 Rbd8 17. Nxe6 fxe6 18. Rad1 e5 19. Nc4 Qb8 20. b4 b5 21.
Na5 Qb6 22. Qe3 Qc7 23. a3 Nh5 24. c4 Nf4 25. Rc1 bxc4 26. Rxc4 c5 27. Rc2 Rf6
28. Qb3+ Kh8 29. Re3 Rdf8 30. Rg3 Ne6 31. Qc4 Nd4 32. Rd2 Qb6 33. Re3 Rg6 34.
Rb2 cxb4 35. axb4 Rgf6 36. Ra2 R6f7 37. Rc3 Rf4 38. Re3 Nb5 39. Qb3 R4f6 40.
Qd3 R6f7 41. Nc4 Qb8 42. Rxa6 Rxf2 43. Rb6 Qe8 44. Nxd6 Nxd6 45. Rxd6 Qb8 46.
b5 Rb2 47. Rd5 Kg8 48. Kh2 Rbf2 49. Rd7 Rf1 50. Rg3 g6 51. Qd5+ Kh8 52. Rc3 Qb6
53. Qxe5+ Qf6 54. Qxf6+ R1xf6 55. Rcc7 Re8 56. Rxh7+ Kg8 57. Rcg7+ Kf8 58. Ra7
Kg8 59. Rhb7 Kf8 60. b6 Kg8 61. Rg7+ Kf8 62. b7 Rb6 63. Rf7+ Kg8 64. Rc7 Rb3
65. Ra8 Rf8 66. e5 Rb2 67. e6 Rxb7 68. Rxf8+ Kxf8 69. Rxb7 Ke8 70. Kg3 Kf8 71.
h4 Ke8 72. h5 gxh5 73. e7 Kf7 74. Kh4 Ke6 75. e8=Q+ Kd5 76. Qe5+ Kxe5 77. Kxh5
Kf6 78. g4 Ke6 79. g5 Kd6 80. g6 Kc6 81. Rf7 Kd6 82. g7 Ke5 83. g8=Q Ke6 84.
Qh8 Kd6 85. Qd4+ Kc6 86. Rf6+ Kc7 87. Qa7+ Kd8 88. Rf8# {Hossa checkmated} 1-0

[Event "ICS rated blitz match"]
[Site "204.178.125.65"]
[Date "2000.09.23"]
[Round "?"]
[White "lambChop"]
[Black "Hossa"]
[Result "0-1"]
[WhiteElo "2506"]
[BlackElo "2557"]
[PlyCount "85"]
[EventDate "2000.??.??"]

1. e4 e5 2. Nf3 Nc6 3. d4 exd4 4. Nxd4 Nf6 5. Nxc6 bxc6 6. e5 Qe7 7. Qe2 Nd5 8.
c4 Ba6 9. b3 g5 10. Qe4 Nb6 11. Nd2 Bg7 12. Nf3 h6 13. Bd3 d5 14. Qe2 g4 15.
Nd2 Qxe5 16. Rb1 Nd7 17. Bb2 d4 18. Be4 O-O-O 19. Qxg4 h5 20. Qg3 Qxg3 21. hxg3
Bb7 22. Kf1 c5 23. Bxb7+ Kxb7 24. Re1 Ne5 25. Ba3 Kb6 26. Kg1 Nd3 27. Re7 Rdf8
28. f3 Kc6 29. Rh3 Bf6 30. Re4 Nb4 31. Bxb4 cxb4 32. Rh1 d3 33. Kf2 Rd8 34. Ke3
Bc3 35. Rhh4 f5 36. Re6+ Kd7 37. Rg6 Rhe8+ 38. Kf4 Bxd2+ 39. Kxf5 Bc3 40. Kf4
d2 41. Rxh5 Kc8 42. Rh1 Re1 43. Rxe1 {lambChop resigns} 0-1

[Event "ICS rated blitz match"]
[Site "204.178.125.65"]
[Date "2000.09.23"]
[Round "?"]
[White "Hossa"]
[Black "lambChop"]
[Result "0-1"]
[WhiteElo "2571"]
[BlackElo "2492"]
[Annotator "steffen"]
[PlyCount "84"]
[EventDate "2000.??.??"]

1. e4 e5 2. Nf3 Nc6 3. Nc3 Nf6 4. Nxe5 Nxe5 5. d4 Ng6 6. e5 Ng8 7. Bc4 d5 8.
Bxd5 c6 9. Bb3 N8e7 10. Ne4 Nd5 11. Bg5 Qa5+ 12. Bd2 (12. c3 Bf5 13. Ng3 Be6
14. O-O Be7 15. Ne4 O-O 16. Bxe7 Ngxe7 $11) 12... Qb6 13. c3 Bf5 14. Ng3 Be6
15. O-O Be7 16. Qh5 O-O 17. Nf5 a5 18. Rab1 f6 19. Nxe7+ Ngxe7 20. Bc2 g6 21.
Qe2 fxe5 22. Qxe5 Bf5 23. Bh6 Rf7 24. Qe2 Qa6 25. Qd2 Bxc2 26. Qxc2 Nf5 27. Qd2
Nxh6 28. Qxh6 Qe2 29. Qh4 Rf4 30. Qh3 Rf5 31. Qg3 Re8 32. Qh3 Nf4 33. Qg3 Qh5
34. Kh1 Nxg2 35. c4 Nf4 36. Rbe1 Ne2 37. Qb3 Rf3 38. Qxb7 Rh3 39. Qxh7+ Kxh7
40. Rxe2 Rxh2+ 41. Kg1 Rh1+ 42. Kg2 Qh3# {Hossa checkmated} 0-1

[Event "ICS rated blitz match"]
[Site "204.178.125.65"]
[Date "2000.09.23"]
[Round "?"]
[White "varon1968"]
[Black "Hossa"]
[Result "0-1"]
[WhiteElo "1974"]
[BlackElo "2553"]
[PlyCount "44"]
[EventDate "2000.??.??"]

1. e4 e5 2. Nf3 Nf6 3. Nxe5 Qe7 4. Nf3 Qxe4+ 5. Be2 Nc6 6. O-O Bc5 7. Nc3 Qb4
8. a3 Qg4 9. h3 Qh5 10. d4 Bb6 11. Bg5 O-O 12. h4 Qg4 13. Nb5 Re8 14. Ne5 Qe6
15. Bc4 d5 16. Bd3 Nxe5 17. Re1 Nfg4 18. Re2 a6 19. dxe5 axb5 20. Kf1 c6 21. f4
Ne3+ 22. Rxe3 Bxe3 {varon1968 resigns} 0-1

[Event "ICS rated blitz match"]
[Site "204.178.125.65"]
[Date "2000.09.23"]
[Round "?"]
[White "Hossa"]
[Black "PostModernist"]
[Result "0-1"]
[WhiteElo "2566"]
[BlackElo "2697"]
[PlyCount "110"]
[EventDate "2000.??.??"]

1. d4 Nf6 2. c4 c5 3. d5 g6 4. Nc3 Bg7 5. e4 d6 6. Nf3 O-O 7. Be2 e6 8. Bg5 h6
9. Bh4 exd5 10. cxd5 g5 11. Bg3 Nh5 12. Nd2 Nxg3 13. hxg3 f5 14. Nc4 Qe7 15.
exf5 Bxf5 16. Qd2 Nd7 17. O-O-O Bxc3 18. bxc3 Rf6 19. Ne3 Qe4 20. Qb2 Ne5 21.
Qxb7 Rd8 22. Nxf5 Rxf5 23. Rxh6 Rxf2 24. Qc7 Re8 25. Rdh1 Nf7 26. Re6 Rxe6 27.
dxe6 Qe3+ 28. Kb1 Qxe6 29. Qb8+ Kg7 30. Re1 Qe4+ 31. Ka1 Rxe2 32. Rxe2 Qxe2 33.
Qxa7 Qxg2 34. a4 Qc2 35. c4 Qc1+ 36. Ka2 Qxc4+ 37. Kb2 Qd4+ 38. Kc2 Qf2+ 39.
Kb1 Qxg3 40. Qb7 Qd3+ 41. Ka2 Qc4+ 42. Ka3 Qb4+ 43. Qxb4 cxb4+ 44. Kxb4 g4 45.
a5 g3 46. a6 Ne5 47. Kc3 Nc6 48. Kd3 g2 49. Ke4 g1=Q 50. Kf5 Qf2+ 51. Kg4 Ne5+
52. Kh3 Qf3+ 53. Kh2 Ng4+ 54. Kg1 Qf2+ 55. Kh1 Qh2# {Hossa checkmated} 0-1

[Event "ICS rated blitz match"]
[Site "204.178.125.65"]
[Date "2000.09.23"]
[Round "?"]
[White "sekere"]
[Black "Hossa"]
[Result "0-1"]
[WhiteElo "2247"]
[BlackElo "2556"]
[PlyCount "124"]
[EventDate "2000.??.??"]

1. e4 e5 2. Nf3 Nc6 3. Bc4 Bc5 4. O-O Nf6 5. d3 d6 6. h3 Na5 7. Bb3 Nxb3 8.
axb3 O-O 9. Be3 Bxe3 10. fxe3 Be6 11. Nbd2 Nd7 12. Qe1 f5 13. exf5 Rxf5 14. e4
Rf8 15. Qg3 Qe7 16. Ng5 a6 17. Rxf8+ Rxf8 18. Rf1 Rxf1+ 19. Nxf1 Bf7 20. Nxf7
Qxf7 21. Ne3 c6 22. Nf5 Qf8 23. Nh6+ Kh8 24. Nf5 g6 25. Ne3 Kg7 26. Qf2 Qc8 27.
g4 Qc7 28. Kg2 Nc5 29. g5 Qd8 30. h4 Ne6 31. Ng4 Nf4+ 32. Kg3 Qf8 33. Qf3 b6
34. Nf6 h6 35. Ng4 hxg5 36. hxg5 Qh8 37. Nh6 Qd8 38. Qg4 d5 39. exd5 Qxd5 40.
Qf3 Qxf3+ 41. Kxf3 Ne6 42. Ng4 Nxg5+ 43. Ke3 Nf7 44. Ke4 g5 45. Nxe5 Nxe5 46.
Kxe5 Kg6 47. d4 g4 48. Kf4 Kh5 49. Kg3 Kg5 50. c4 a5 51. d5 cxd5 52. cxd5 Kf5
53. d6 Ke6 54. Kxg4 Kxd6 55. Kf4 Kc5 56. Ke3 Kb4 57. Kd2 Kxb3 58. Kc1 Ka2 59.
Kc2 b5 60. Kc3 b4+ 61. Kc2 a4 62. Kc1 b3 {sekere resigns} 0-1

[Event "ICS rated blitz match"]
[Site "204.178.125.65"]
[Date "2000.09.23"]
[Round "?"]
[White "Hossa"]
[Black "grobdigger"]
[Result "1-0"]
[WhiteElo "2561"]
[BlackElo "2090"]
[PlyCount "72"]
[EventDate "2000.??.??"]

1. e4 e6 2. d4 d5 3. Nc3 Bb4 4. e5 b6 5. Qg4 Bf8 6. Bg5 Qd7 7. h4 Ba6 8. O-O-O
h6 9. Bxa6 Nxa6 10. Be3 c5 11. Nf3 c4 12. Qf4 b5 13. Ne2 Nc7 14. Kb1 a5 15. g4
g6 16. h5 g5 17. Qh2 b4 18. Ne1 a4 19. f4 b3 20. a3 Nb5 21. fxg5 c3 22. Nxc3
Nxc3+ 23. bxc3 Bxa3 24. gxh6 Qb5 25. Nd3 Rc8 26. Nc5 Nxh6 27. Rdg1 Rxc5 28.
dxc5 Nxg4 29. Rxg4 Rxh5 30. Rg8+ Kd7 31. Qxh5 bxc2+ 32. Kxc2 Qb2+ 33. Kd3 Qb5+
34. Kd2 Qb2+ 35. Ke1 Qxc3+ 36. Kf2 Qc2+ {grobdigger resigns} 1-0

[Event "ICS rated blitz match"]
[Site "204.178.125.65"]
[Date "2000.09.23"]
[Round "?"]
[White "LrGenius"]
[Black "Hossa"]
[Result "0-1"]
[WhiteElo "2437"]
[BlackElo "2563"]
[PlyCount "62"]
[EventDate "2000.??.??"]

1. e4 e5 2. Nf3 Nc6 3. Bb5 a6 4. Ba4 Nf6 5. O-O Be7 6. Re1 b5 7. Bb3 d6 8. c3
O-O 9. h3 Bb7 10. d4 Re8 11. Nbd2 Bf8 12. a4 h6 13. Bc2 exd4 14. cxd4 Nb4 15.
Bb1 c5 16. d5 Nd7 17. Ra3 c4 18. axb5 axb5 19. Nd4 Rxa3 20. bxa3 Nd3 21. Bxd3
cxd3 22. Re3 Ne5 23. N4f3 f5 24. Nxe5 Rxe5 25. Bb2 Re7 26. Qa1 fxe4 27. Nxe4
Bxd5 28. Nf6+ gxf6 29. Rg3+ Kf7 30. Bxf6 d2 31. Qd1 Re1+ {LrGenius resigns} 0-1

[Event "ICS Rated blitz match"]
[Site "204.178.125.65"]
[Date "2000.09.23"]
[Round "?"]
[White "Hossa"]
[Black "LrGenius"]
[Result "1-0"]
[WhiteElo "2573"]
[BlackElo "2427"]
[PlyCount "117"]
[EventDate "2000.??.??"]

1. e4 e6 2. d4 d5 3. Nc3 Bb4 4. e5 c5 5. a3 Bxc3+ 6. bxc3 Ne7 7. Qg4 Kf8 8. Bd3
Qa5 9. Bd2 Qa4 10. Bg5 Nbc6 11. Nf3 c4 12. Be2 Qxc2 13. Rc1 Qf5 14. Qg3 h6 15.
Bd2 Na5 16. Nh4 Qh7 17. O-O Nb3 18. Rcd1 Bd7 19. Nf3 Nf5 20. Qf4 Qg6 21. Be3
Ba4 22. Nd2 Nxd2 23. Rxd2 Rc8 24. Rb2 Bb3 25. Bd1 Bxd1 26. Rxd1 b6 27. Bc1 Kg8
28. Re2 Kh7 29. a4 Rhd8 30. Rde1 a6 31. Rb2 Rb8 32. Qf3 Rd7 33. a5 Rdb7 34. Bd2
bxa5 35. Rxb7 Rxb7 36. Bc1 Rb1 37. Qe2 Ne7 38. Qa2 Nc6 39. h4 Qd3 40. Kh2 Rb3
41. Re3 Qd1 42. Bd2 Rb1 43. Re1 Qxe1 44. Bxe1 Rxe1 45. Qc2+ Kg8 46. Qb2 Ne7 47.
Qb8+ Kh7 48. Qa7 Nf5 49. Qxf7 a4 50. Qxe6 g6 51. h5 gxh5 52. Qxf5+ Kg7 53. e6
a3 54. Qf7+ Kh8 55. e7 a2 56. e8=Q+ Rxe8 57. Qxe8+ Kg7 58. Qa4 Kf6 59. Qxa2 {
LrGenius resigns} 1-0

[Event "ICS rated blitz match"]
[Site "204.178.125.65"]
[Date "2000.09.23"]
[Round "?"]
[White "LrGenius"]
[Black "Hossa"]
[Result "1-0"]
[WhiteElo "2417"]
[BlackElo "2583"]
[PlyCount "127"]
[EventDate "2000.??.??"]

1. e4 e5 2. Nf3 Nc6 3. Bb5 a6 4. Ba4 Nf6 5. O-O Be7 6. Re1 b5 7. Bb3 d6 8. c3
O-O 9. h3 Bb7 10. d4 Re8 11. Nbd2 Bf8 12. a4 h6 13. Bc2 exd4 14. cxd4 Nb4 15.
Bb1 c5 16. d5 Nd7 17. Ra3 f5 18. Rae3 Nf6 19. exf5 Be7 20. Ne4 Nfxd5 21. R3e2
Qd7 22. Bd2 bxa4 23. Bxb4 cxb4 24. Nd4 Nf4 25. Re3 d5 26. Ng3 a3 27. bxa3 bxa3
28. Ne6 Nxe6 29. fxe6 Qc6 30. Qd3 Bf6 31. Nh5 Kf8 32. Nxf6 a2 33. Nd7+ Ke7 34.
Bxa2 Rg8 35. Qg6 a5 36. Rf3 Rae8 37. Ne5 Qxe6 38. Nd3 Qxe1+ 39. Nxe1 Ref8 40.
Qb6 Bc8 41. Bxd5 Rxf3 42. Nxf3 Rd8 43. Qc7+ Rd7 44. Qxc8 Rxd5 45. Qb7+ Kd6 46.
Qa6+ Kd7 47. Qb7+ Kd6 48. Qxg7 h5 49. Ng5 Rd1+ 50. Kh2 Rd5 51. f4 Kc6 52. Qf6+
Kb5 53. f5 Rd2 54. Nf3 Rd5 55. Qe6 Kc5 56. f6 Rd6 57. Qe7 Kd5 58. f7 Rc6 59.
f8=Q Kc4 60. Qff7+ Re6 61. Qfxe6+ Kc3 62. Qc5+ Kb2 63. Qeb6+ Ka2 64. Qcxa5# {
Hossa checkmated} 1-0